000 00308nam a22001337a 4500
008 170323b xxu||||| |||| 00| 0 eng d
020 _a0443088187
041 _aeng
080 _a616.9
100 _a8
101 _aSHM
245 _aPRINCIPLES PRACTICE OF INFECTION DISEASES
_cMANDELL.G.L
942 _2udc
_cBK
999 _c8507
_d8507